| 000 | 00754nam a2200253Ia 4500 | ||
|---|---|---|---|
| 003 | GCL | ||
| 008 | 140319s9999 xx 000 0 ara d | ||
| 040 |
_aGCL / _cGCL |
||
| 082 | 0 | 4 |
_a658.5 _bش ا |
| 100 | 1 | _aشوقى حسين عبدالله | |
| 245 | 1 | 0 |
_aادارة وظيفة الانتاج / _cشوقى حسين عبدالله |
| 260 |
_a[S.N] : _bدار النهضة العربية ، _c1982 |
||
| 300 | _a356 ص | ||
| 490 | _a | ||
| 650 | 0 | 4 | _aادارة الاعمال |
| 650 | 0 | 4 | _aالادارة |
| 650 | 0 | 4 | _aالتسويق |
| 650 | 0 | 4 | _aجودة الانتاج |
| 650 | 0 | 4 | _aالتنظيم |
| 650 | 0 | 4 | _aضبط الانتاج |
| 650 | 0 | 4 | _aتخطيط الانتاج |
| 650 | 0 | 4 | _aمراقبة الانتاج |
| 942 |
_2ddc _cBK |
||
| 999 |
_c36970 _d36970 |
||